| 000 | 00984nas a2200301 4500 | ||
|---|---|---|---|
| 001 | BR0804796 | ||
| 003 | BR-BrBNA | ||
| 005 | 20231205111936.0 | ||
| 007 | ta | ||
| 008 | 230509b bl.|||p| |||| 00| 00por d | ||
| 040 |
_aBR-BrBNA _bpor _cBiblioteca Nacional de Agricultura |
||
| 041 | _a(Pt) | ||
| 072 | _aS01; S30; Q04 | ||
| 100 | 1 | _aBarcelos, M. de F.P. | |
| 100 | 1 | _aAngelis-Pereira, M.C. de | |
| 100 | 1 | _aOliveira, A.F. de | |
| 245 | 1 | _aApectos nutricionais do azeite de oliva e sua influência na dieta humana | |
| 650 | _aNUTRIÇÃO HUMANA | ||
| 650 | _aAZEITE | ||
| 650 | _aOLEA EUROPAEA | ||
| 650 | _aDIETA | ||
| 650 | _aPROPRIEDADE FÍSICO-QUÍMICA | ||
| 650 | _aCOMPOSIÇÃO QUÍMICA | ||
| 650 | _aCONTROLE DE QUALIDADE | ||
| 773 | 0 |
_tInforme Agropecuário - Empresa de Pesquisa Agropecuária de Minas Gerais (Brazil) _xISSN 0100-3364 _g(Mar-Apr 2006), v. 27(231) p. 98-104 _wBR0804796 |
|
| 909 |
_a202311 _bLúcia _c55 _dLúcia Elande |
||
| 942 |
_2AGRIS _n0 _cANA |
||
| 999 |
_c195244 _d195244 |
||